| 000 | 01369nam a22003137a 4500 | ||
|---|---|---|---|
| 999 |
_c5463 _d5463 |
||
| 003 | AR-CdUCM | ||
| 008 | 190312b ||||| |||| 00| 0 spa d | ||
| 020 | _a9972-9975-6-1 | ||
| 040 |
_aMUNICIPALIDAD PROVINCIAL DEL CUSCO _cBIBLIOTECA MUNICIPAL DEL CUSCO |
||
| 082 |
_a305.4 / _bH11 |
||
| 110 |
_aCODECC _916427 |
||
| 245 |
_aHablan las defensoras comunitarias : _buna justicia distinta para las mujeres / |
||
| 260 |
_aLima : _bCoordinadora Departamental de Defensorías Comunitarias del Cusco, _bInstituto de Defensa Legal, _c2005. |
||
| 300 |
_a157 paginas : _bIlustraciones, _c21cm. |
||
| 500 | _aElaborado para el Proyecto Defensoría Comunitarias: Promoviendo la Participación Ciudadana en la Defensa Legal de Derecho. | ||
| 650 |
_aMujeres maltratadas _916428 |
||
| 650 |
_aViolencia conyugal _916429 |
||
| 650 |
_aDefensor del pueblo _916430 |
||
| 650 |
_aPerú _935 |
||
| 700 |
_aCarazas, Hilaria. _916431 |
||
| 700 |
_aChoque, Benedicta. _916432 |
||
| 700 |
_aCuba, Guadalupe. _916433 |
||
| 700 |
_aHaworth, Elizabeth _916434 |
||
| 710 |
_aCoordinadora Departamental de Defensorías Comunitarias del Cusco. _916435 |
||
| 710 |
_aProyecto Defensorías Comunitarias: Promoviendo la Participación Ciudadana en la Defensa Legal de Derecho (Cusco) _916436 |
||
| 710 |
_aInstituto de Defensa Legal (Lima) _916437 |
||
| 942 |
_2ddc _cLIBROS |
||
| 945 | _apjha | ||